| 000 | 00810nam a2200277Ia 4500 | ||
|---|---|---|---|
| 003 | OSt | ||
| 005 | 20220925223228.0 | ||
| 006 | a|||||r|||| 00| 0 | ||
| 007 | ta | ||
| 008 | 220923b |||||||| |||| 00| 0 eng d | ||
| 020 | _a0415079411 | ||
| 037 | _cGeneral Book | ||
| 040 |
_aRTL _cRTL _beng |
||
| 041 |
_2eng _aeng |
||
| 082 | _aY:3(S51), N4/TD | ||
| 100 |
_aLindisfarne Nancy _921073 |
||
| 245 | 0 |
_aDislocating masculinity _b Comparative ethnographies |
|
| 260 |
_aLondon _bRoutledge _c1994 |
||
| 300 |
_ax, 236p. _ccm. |
||
| 490 | _aMale Orders | ||
| 500 | _aBibliography: P 214-32 | ||
| 650 |
_aMen Sociology _9238037 |
||
| 700 |
_a Cornwall Andrea _9280256 |
||
| 942 |
_hY:3(S51), N4/TD _cGB _2CC |
||
| 999 |
_c578995 _d578995 |
||